Match the Currency to the Country #7 (hardest) - Statistics

General Stats
  • This quiz has been taken 136 times
  • The average score is 5 of 10
Answer Stats
Hint Answer % Correct
Sierra Leone Leone
82%
Vanuatu Vatu
78%
Lesotho Loti
55%
Maldives Rufiyaa
53%
Bhutan Ngultrum
48%
Myanmar Kyat
47%
Mauritania Ouguiya
46%
Tajikistan Somoni
42%
Papua New Guinea Kina
40%
Botswana Pula
40%
No matching quizzes found
Score Distribution
Percent of People with Each Score
Percentile by Number Answered
Your Score History
You have not taken this quiz